000
00271nam a22001217a 4500
008
180528b xxu||||| |||| 00| 0 eng d
041
_a
eng
080
_a
341
100
_a
14
101
_a
SHJ
245
_a
Mbrojtja e te dhenave personale
_c
Jashari, R
942
_2
udc
_c
BK
999
_c
46241
_d
46241